Panorama económico financiero
Información económica general de El Salvador. Ofrece información sobre producción por sectores, comercio exterior, finanzas públicas, perspectivas económicas y financieras para 1978, capacidad de endeudamiento externo. Contiene datos estadísticos sobre producto territorial bruto, composición de las...
Kaydedildi:
| Müşterek Yazar: | |
|---|---|
| Materyal Türü: | Metin |
| Baskı/Yayın Bilgisi: |
San Salvador :
|
| Konular: | |
| Etiketler: |
Etiketle
Etiket eklenmemiş, İlk siz ekleyin!
|
MARC
| LEADER | 00000 a a2200000 04500 | ||
|---|---|---|---|
| 001 | 20211 | ||
| 003 | |||
| 040 | |a CRAI/IIS |c CRAI/IIS | ||
| 090 | |a 083500 | ||
| 110 | |a El Salvador. Gobierno | ||
| 245 | |a Panorama económico financiero | ||
| 260 | |a San Salvador : | ||
| 300 | |a 46 p. | ||
| 500 | |a Resumen presentado por las autoridades gubernamentales salvadoreñas ante representantes de la comunidad bancaria de New York | ||
| 520 | |a Información económica general de El Salvador. Ofrece información sobre producción por sectores, comercio exterior, finanzas públicas, perspectivas económicas y financieras para 1978, capacidad de endeudamiento externo. Contiene datos estadísticos sobre producto territorial bruto, composición de las exportaciones, importaciones, ingresos y gastos del gobierno, deuda externa. Agrega una lista de proyectos prioritarios del Plan Nacional de Desarrollo 1978-1982, y de empresas y bancos extranjeros instalados en El Salvador/ACM | ||
| 650 | |a EL SALVADOR | ||
| 650 | |a ESTADISTICAS ECONOMICAS | ||
| 650 | |a ASPECTOS ECONOMICOS | ||
| 650 | |a CUADROS ESTADISTICOS | ||
| 999 | |c 10495 |d 10495 | ||
